00400nam a2200145Ia 4500008004100000020001800041041000800059082001600067100001300083245008000096260002000176300002800196365001700224700001300241230718s9999 xx 000 0 und d a9781107422223 aeng a006.31bFLA aFlach P. aMachine LearningbThe Art And Science Of Algorithms That Make Sense Of Data c2014bCambridge a396dRef 100 IT (50655) cRs.b3500.00 aFlach P.